| 000 | 00533nam a22002057a 4500 | ||
|---|---|---|---|
| 001 | 29108 | ||
| 003 | BD-RjUL | ||
| 005 | 20211209051355.0 | ||
| 008 | 140402s1964 enk||||| |||| 00| 0 eng d | ||
| 035 | _a(BD-RjUL)29193 | ||
| 040 |
_aBD-RjUL _beng _cBD-RjUL _dBD-RjUL |
||
| 041 | _aeng | ||
| 082 | 0 | 4 |
_bSAC 1964 _a291.43 |
| 100 | 1 |
_aSadhu, Mouni _988884 |
|
| 245 | 1 | 0 |
_aConcentration / _cMouni Sadhu |
| 260 |
_aLondon : _bGeorge allen & unwin, _c1964. |
||
| 300 |
_a180p. ; _c21cm. |
||
| 650 | 0 |
_aMeditation. _988885 |
|
| 942 |
_2ddc _cBK |
||
| 999 |
_c29108 _d29108 |
||